Statistiques concernant Culture Générale - Série 997

Cliquez ici pour prendre le quiz!

Statistiques générales

  • Ce quiz a été pris 109 fois
  • Le résultat moyen est 6 sur 10

Statistiques - réponses

QuestionRéponse% Correct
Quel mot terminé par toc désigne familièrement une personne à la carrure imposante ?mastoc
91%
Dans quelle capitale se trouve le quartier de Soho, célèbre pour son caractère cosmopolite, ses restaurants et ses boîtes de nuit ?Londres
87%
Cette onzième lettre de l'alphabet grec est employé pour désigner une personne ordinaire, quelconque, normalelambda
79%
Quelle actrice interprète Delphine aux côtés de Françoise Dorléac dans "Les Demoiselles de Rochefort" ?Catherine Deneuve
69%
Comment se prénomme le frère jumeau d'Igor Bogdanoff ?Grichka
69%
Outre la saucisse de Montbéliard, on peut déguster en Franche-Comté la saucisse de ...Morteau
69%
Quel est le numéro minéralogique du territoire de Belfort ?90
64%
Dans quelle chanson de 1988, Mylène Farmer est "caméléon" et se "fout bien des qu'en dira-t-on" ?Sans contrefaçon
34%
De quelle série télévisée médicale française, l'actrice Annelise Hesme est-elle l'héroïne ?Nina
13%
Dans quelle commune du Doubs est situé le musée Gustave Courbet ?Ornans
7%

Distribution des résultats

Percentile par nombre de réponses

% des personnes avec chaque résultat

Votre développement - résultats

Vous n’avez pas pris ce quiz